Perhutanan di Semenanjung Malaysia

Bibliographic Details
Corporate Author: MALAYSIA
Format: Book
Published: Kuala Lumpur : Jabatan Perhutanan Semenanjung Malaysia , 1996
Subjects:

MARC

LEADER 00000cam a2200000 7i4500
001 0000000406
005 20011123.0
090 0 0 |a 634.95951   |b MAL 1996 
110 1 0 |a MALAYSIA   |c Jabatan Perhutanan Semenanjung Malaysia 
245 1 0 |a Perhutanan di Semenanjung Malaysia 
260 0 0 |a Kuala Lumpur :   |b Jabatan Perhutanan Semenanjung Malaysia ,   |c 1996 
300 |a iii, 46 p. :   |b col. ill., maps ;   |c 30 cm. 
650 0 0 |a Forests and forestry   |z Peninsular Malaysia 
998 |a JPSM 
999 |a 0000001604   |b Monograph   |c Open Shelf   |e Default branch 
999 |a 0000003612   |b Monograph   |c Open Shelf   |e Default branch